[Event "Olympiad Women 2024"]
[Site "Budapest HUN"]
[Date "2024.09.11"]
[Round "1.12"]
[Board "4"]
[White "Gaboyan, Susanna"]
[Black "James, Shemilah"]
[Result "1-0"]
[WhiteElo "2180"]
[BlackElo "1774"]
[PlyCount "79"]
[EventDate "2024.09.11"]
[WhiteTeam "Armenia"]
[BlackTeam "Trinidad & Tobago"]
[WhiteTeamCountry "ARM"]

1. Nf3 d5 2. g3 Nf6 3. Bg2 c6 4. O-O Bg4 5. d3 e6 6. Nbd2 Bc5 ({RR} 6... Bd6 7. b3 Nbd7 8. Bb2 h6 9. e4 dxe4 10. dxe4 O-O 11. h3 Bxf3 12. Nxf3 Nxe4 13. Nh2 Ndf6 14. Qe2 Nc5 15. Rad1 Qe7 16. Bxf6 gxf6 17. Qd2 Rad8 18. Qxh6 f5 19. Nf3 f6 20. Rfe1 Qg7 21. Qxg7+ {1-0 Maltsevskaya,A (2393)-Bashirli,S (1800) Swiss Queens Wed #13 2024 (8.94)}) 7. e4 ({RR} 7. h3 Bh5 8. e4 O-O 9. Qe1 a5 10. a4 Na6 11. Nb3 Bb4 12. Bd2 dxe4 13. dxe4 Bxf3 14. Bxf3 Bxd2 15. Nxd2 e5 16. Nc4 Nb4 17. Rd1 Qc7 18. c3 Na6 19. Qe3 Nd7 20. Rd2 Ndc5 21. Rfd1 b5 {0-1 Vaganian,R (2618)-Timman,J (2655) Dordrecht blitz 2000 (5.1)}) 7... O-O 8. c3 $146 ({RR} 8. h3 Bxf3 9. Qxf3 Nbd7 {½-½ Kutuzovic,B (2324)-Rukavina,J (2393) CRO-chT Sibenik 2007 (8)}) ({RR} 8. e5 Nfd7 9. h3 Bh5 10. g4 Bg6 11. d4 Bb6 12. b4 a5 13. c3 axb4 14. cxb4 Na6 15. a3 Nxb4 16. axb4 Rxa1 17. Nb3 Ra2 18. Nc5 Nxc5 19. bxc5 Bc7 20. Qb3 Qa8 21. Nh4 Bc2 22. Qe3 Qa3 {1-0 Amarante,M-Cruz,K USA-chT Amateur East 2002 (2)}) 8... h6 9. e5 Nfd7 10. Re1 Bb6 11. Nf1 c5 12. h3 Bh5 13. g4 Bg6 14. Ng3 Nc6 15. h4 Qc7 16. h5 Bh7 17. g5 hxg5 18. Bxg5 Rfe8 19. h6 f6 20. exf6 gxf6 21. Bh4 Qf4 22. Qd2 Qxd2 23. Nxd2 Bxd3 24. Nh5 Kf7 25. Bh3 f5 26. Nf3 Bd8 27. Ng7 Rg8 28. Bxd8 Raxd8 29. Ng5+ Kf6 30. N5xe6 Rxg7+ 31. Nxg7 Nde5 32. Bg2 Rh8 33. Nh5+ Kg5 34. Ng7 Rxh6 35. Bxd5 Rg6 36. Ne6+ Kf6+ 37. Kh1 Rh6+ 38. Kg2 Rg6+ 39. Kh3 Rh6+ 40. Kg3 1-0

[Event "Olympiad Women 2024"]
[Site "Budapest HUN"]
[Date "2024.09.11"]
[Round "1.13"]
[Board "1"]
[White "Salimova, Nurgyul"]
[Black "Charinda, Kudzanayi"]
[Result "1-0"]
[WhiteElo "2412"]
[BlackElo "1854"]
[PlyCount "87"]
[EventDate "2024.09.11"]
[WhiteTeam "Bulgaria"]
[BlackTeam "Zimbabwe"]
[WhiteTeamCountry "BUL"]
[BlackTeamCountry "ZIM"]

1. d4 Nf6 2. Nf3 e6 3. Bg5 d5 4. e3 Be7 5. Nbd2 Nbd7 6. Bd3 b6 7. a4 ({RR} 7. Bxf6 Bxf6 8. c3 Bb7 9. Qe2 O-O 10. h4 Re8 11. O-O-O e5 12. dxe5 Nxe5 13. Nxe5 Bxe5 14. Nf3 Qe7 15. Nxe5 Qxe5 16. Rh3 c5 17. Rg3 h6 18. Bc2 Rad8 19. Qd3 Qe4 20. Qe2 Qxh4 21. Rg4 Qf6 {0-1 Salimova,N (2412)-Khotenashvili,B (2427) FIDE World Rapid Team 2024 (8.5)}) 7... a5 $146 ({RR} 7... c5 8. c3 Bb7 9. Qb1 a6 10. O-O Qc7 11. b4 c4 12. Bc2 h6 13. Bxf6 Bxf6 14. e4 dxe4 15. Bxe4 Bxe4 16. Qxe4 O-O 17. Rfe1 Rfd8 18. Nf1 g6 19. Ne3 Bg7 20. Nd2 Nf6 21. Qf3 Nd5 22. Nxd5 {0-1 Barlov,D (2460)-Abramovic,B (2490) YUG-ch op Nis 1996 (8)}) ({RR} 7... a6 8. c3 Bb7 9. O-O Ne4 10. Bxe7 Qxe7 11. Qc2 Nxd2 12. Nxd2 c5 13. f4 f5 14. Nf3 O-O 15. Kh1 c4 16. Be2 b5 17. b4 Bc6 18. axb5 axb5 19. Qb2 Qd6 20. h3 Ra4 21. Ra3 Rxa3 22. Qxa3 {½-½ Praggnanandhaa,R (2757)-Martirosyan,H (2661) 57th Biel GM1 Blitz 2024 (3.3)}) ({RR} 7... c5 8. c3 Bb7 9. O-O O-O 10. a5 c4 11. Bc2 b5 12. Ne5 a6 13. f4 h6 14. Bxf6 Bxf6 15. Nxd7 Qxd7 16. Qh5 Rfc8 17. Nf3 Qd8 18. g4 Qf8 19. g5 g6 20. Bxg6 fxg6 21. Qxg6+ Qg7 22. Qxf6 {1-0 Petrovic,M (2227)-Trickovic,V Pirot Summer op 2004 (9)}) 8. c3 Bb7 9. Qc2 h6 10. Bh4 Qc8 11. O-O Ba6 12. Bxa6 Rxa6 13. Rae1 O-O 14. Ne5 c5 15. f4 Ra7 16. Re2 Nb8 17. g4 Nc6 18. Qb1 Nxe5 19. fxe5 Ne4 20. Bxe7 Nxd2 21. Rxd2 Rxe7 22. Rg2 Qe8 23. h4 f6 24. exf6 Rxf6 25. Rxf6 gxf6 26. Qf1 Kg7 27. g5 fxg5 28. hxg5 Qf7 29. gxh6+ Kh8 30. Qxf7 Rxf7 31. Rg6 Re7 32. Kf2 Kh7 33. Rf6 cxd4 34. exd4 e5 35. Ke3 exd4+ 36. Kxd4 Re4+ 37. Kxd5 Rxa4 38. Rxb6 Rh4 39. c4 Rh5+ 40. Kc6 Rxh6+ 41. Kb7 Rh4 42. c5 Rc4 43. c6 Rc2 44. c7 1-0

[Event "Olympiad Women 2024"]
[Site "Budapest HUN"]
[Date "2024.09.11"]
[Round "1.13"]
[Board "2"]
[White "Makwena, Christine"]
[Black "Radeva, Viktoria"]
[Result "0-1"]
[WhiteElo "1860"]
[BlackElo "2297"]
[PlyCount "122"]
[EventDate "2024.09.11"]
[WhiteTeam "Zimbabwe"]
[BlackTeam "Bulgaria"]
[WhiteTeamCountry "ZIM"]
[BlackTeamCountry "BUL"]

1. e4 e6 2. d3 d5 3. Nd2 Nc6 4. Ngf3 Nf6 5. g3 dxe4 6. dxe4 Bc5 7. Bg2 e5 8. O-O a5 9. c3 Qd3 ({RR} 9... Qe7 10. Qc2 b6 {0-1 Pechen,Y (2761)-Poghosyan,S (2275) Titled Tuesday intern op 21st April blitz 2020 (6)}) 10. Ne1 Qd6 11. Qc2 Be6 12. Nb3 $146 ({RR} 12. b3 Rd8 13. Kh1 Ng4 14. Kg1 O-O 15. h3 Nxf2 16. Rxf2 Bxf2+ 17. Kxf2 Qc5+ 18. Kf1 f5 19. Ndf3 fxe4 20. Qxe4 Qxc3 21. Rb1 Bf5 {0-1 Muratova,S (1845)-Shah Mihir (1801) FIDE World Bl Team Pool B 2024 (7.12)}) 12... Ba7 13. Nf3 a4 14. Nbd2 O-O 15. Ng5 Rfd8 16. Nxe6 Qxe6 17. h3 h6 18. Re1 b5 19. Nf1 Na5 20. Be3 c6 21. Red1 Rxd1 22. Qxd1 Nc4 23. Bxa7 Rxa7 24. Qe2 Qe7 25. Rd1 Rd7 26. Rxd7 Nxd7 27. Ne3 Nxe3 28. Qxe3 Qd6 29. Qe2 Nc5 30. Bf1 Kf8 31. Kg2 Qg6 32. f3 Qd6 33. Qc2 Ke7 34. Qe2 g5 35. Qe3 Ne6 36. Be2 h5 37. Qa7+ Kf8 38. Qe3 Qc5 39. Qxc5+ Nxc5 40. Kf2 Ke7 41. Ke3 Ne6 42. Kf2 h4 43. Bf1 Kd6 44. Kg2 Kc5 45. a3 Nf8 46. f4 exf4 47. gxf4 gxf4 48. Kf3 Ng6 49. Kg4 Kd6 50. Kf5 f3 51. Kg4 f2 52. Kf3 Ke5 53. Kxf2 Kf4 54. c4 bxc4 55. Bxc4 Ne5 56. Ba6 Kxe4 57. Ke2 f5 58. Kd2 Kd4 59. Be2 f4 60. Bd1 f3 61. Bxa4 Nc4+ 0-1

[Event "Olympiad Women 2024"]
[Site "Budapest HUN"]
[Date "2024.09.11"]
[Round "1.13"]
[Board "3"]
[White "Krasteva, Beloslava"]
[Black "Shaba, Linda Dalitso"]
[Result "1-0"]
[WhiteElo "2295"]
[BlackElo "1831"]
[PlyCount "93"]
[EventDate "2024.09.11"]
[WhiteTeam "Bulgaria"]
[BlackTeam "Zimbabwe"]
[WhiteTeamCountry "BUL"]
[BlackTeamCountry "ZIM"]

1. d4 e6 2. Bf4 d5 3. Nf3 Nf6 4. e3 c5 5. Nbd2 Nc6 6. c3 Be7 7. Bd3 Bd7 8. Ne5 cxd4 9. exd4 Qb6 10. Rb1 Rc8 11. Qf3 Na5 12. g4 $146 ({RR} 12. O-O Bb5 13. Rfe1 Bxd3 14. Qxd3 Qd8 15. Qb5+ Kf8 16. h3 a6 17. Qd3 Nh5 18. Bh2 g6 19. Qf3 Nf6 20. Bf4 Kg7 21. Qe3 Re8 22. Bh6+ Kg8 23. Nxf7 Qb6 24. Ne5 Rcd8 25. Qd3 Bf8 26. Bxf8 Rxf8 {1-0 Mazzarone,M (1912)-Nai,G (1852) Varese-ch 2012 (5)}) 12... Bb5 13. Bc2 Nc6 14. a4 Ba6 15. Be3 Qc7 16. Nxf7 Kxf7 17. g5 Rcf8 18. h4 Ke8 19. gxf6 Bxf6 20. Qg4 Nd8 21. Bxh7 Qe7 22. Bg6+ Kd7 23. h5 Nf7 24. Nf3 Nh6 25. Qh3 b6 26. Kd2 Bc8 27. Rhe1 Kc7 28. Qg3+ Kb7 29. a5 b5 30. Bf4 Qd8 31. Ra1 a6 32. Bd6 Rfg8 33. Be5 Rf8 34. Bd6 Rfg8 35. b3 Qd7 36. Bc5 Qc7 37. Ne5 Be7 38. Nf7 Qxg3 39. fxg3 Nxf7 40. Bxe7 Nh6 41. Bd6 Kc6 42. Bf4 Rf8 43. c4 Nf5 44. cxd5+ exd5 45. Rac1+ Kb7 46. Bxf5 Bxf5 47. Re7+ 1-0

[Event "Olympiad Women 2024"]
[Site "Budapest HUN"]
[Date "2024.09.11"]
[Round "1.13"]
[Board "4"]
[White "Wakuruwarewa, Colletta"]
[Black "Peycheva, Gergana"]
[Result "0-1"]
[WhiteElo "1814"]
[BlackElo "2248"]
[PlyCount "72"]
[EventDate "2024.09.11"]
[WhiteTeam "Zimbabwe"]
[BlackTeam "Bulgaria"]
[WhiteTeamCountry "ZIM"]
[BlackTeamCountry "BUL"]

1. d4 d5 2. Nf3 e6 3. g3 Nf6 4. Bg2 Be7 5. O-O O-O 6. b3 a5 7. c4 ({RR} 7. Bb2 a4 8. c4 c6 9. bxa4 Qa5 10. Nc3 dxc4 11. Ne5 Qa6 12. e4 Nbd7 13. f4 Nxe5 14. fxe5 Nd7 15. Qe2 Nb6 16. Rac1 Bd7 17. d5 Nxa4 18. Nxa4 Qxa4 19. d6 Bd8 20. a3 b5 21. h4 Ba5 {1-0 Nikolic,P (2655)-Piket,J (2640) Amber-blindfold 06th rapid 1997 (2)}) 7... c6 8. Nc3 ({RR} 8. Qc2 b6 9. Rd1 Ba6 10. Nbd2 Nbd7 11. e4 h6 12. Bb2 Rc8 13. Rac1 b5 14. e5 Nh7 15. c5 b4 16. h4 Re8 17. Re1 Ndf8 18. Ra1 f5 19. exf6 Bxf6 20. a3 Bb5 21. Ne5 Bxe5 22. Rxe5 Rc7 {1-0 Banusz,T (2605)-Craciun,S (2171) Cluj GP Rapid 2024 (3.10)}) 8... b6 $146 ({RR} 8... Nbd7 9. Bb2 Rb8 10. Ne5 Nxe5 11. dxe5 Ne8 12. Qd2 Nc7 13. Rfd1 b5 14. cxd5 cxd5 15. Qf4 Bd7 16. e4 b4 17. Ne2 Bc6 18. h4 Ba8 19. Qg4 Qe8 20. Rac1 Rc8 21. Nf4 dxe4 22. Nh5 g6 23. Nf6+ {1-0 Van Wely,L (2475)-Cladouras,P (2370) Munich op 9192 1992 (3)}) ({RR} 8... Nbd7 9. Qd3 b6 10. e4 Ba6 11. e5 Ne8 12. a4 Nc7 13. Rd1 Re8 14. h4 Nf8 15. Bg5 Qd7 16. Bf1 Red8 17. Rac1 Rab8 18. Qc2 Rdc8 19. Bxe7 Qxe7 20. cxd5 cxd5 21. Bxa6 Nxa6 22. Qe2 Nc7 23. Rc2 {1-0 Vrolijk,L (2517)-Krishna,C (2409) 3rd Monteolivete Int Open 2023 (4.3)}) 9. Qc2 Bb7 10. Bb2 Na6 11. a3 Rc8 12. Ne5 c5 13. e3 Qc7 14. f3 Rfd8 15. Rad1 cxd4 16. exd4 dxc4 17. Nxc4 Nd5 18. Nxd5 Bxd5 19. Rc1 b5 20. Ne3 Qxc2 21. Rxc2 Rxc2 22. Nxc2 Bxb3 23. Ne3 b4 24. Ra1 bxa3 25. Bxa3 Bf6 26. Bb2 a4 27. Bf1 Nc7 28. Rc1 Nd5 29. Kf2 h5 30. Bc4 Rb8 31. Ba1 Rc8 32. Bb2 Nxe3 33. Bxb3 Rxc1 34. Bxc1 Ng4+ 35. Ke2 axb3 36. fxg4 Bxd4 0-1

[Event "Olympiad Women 2024"]
[Site "Budapest HUN"]
[Date "2024.09.11"]
[Round "1.14"]
[Board "1"]
[White "Sakai, Azumi"]
[Black "Daulyte-Cornette, Deimante"]
[Result "0-1"]
[WhiteElo "1871"]
[BlackElo "2369"]
[PlyCount "90"]
[EventDate "2024.09.11"]
[WhiteTeam "Japan"]
[BlackTeam "France"]
[WhiteTeamCountry "JPN"]
[BlackTeamCountry "FRA"]

1. d4 Nf6 2. c4 e6 3. Nf3 b6 4. a3 Ba6 5. Qc2 Bb7 6. Nc3 c5 7. d5 exd5 8. cxd5 Nxd5 9. g3 ({RR} 9. Nxd5 Bxd5 10. Bf4 Be7 11. Rd1 Be6 12. e3 a6 13. Bc4 Nc6 14. Bd5 Rc8 15. O-O b5 16. Ne5 Nxe5 17. Bxe5 Bf6 18. Bxe6 fxe6 19. Bxf6 Qxf6 20. Rd6 a5 21. Ra6 b4 22. Rxa5 bxa3 23. Rxa3 O-O {½-½ Kozul,Z (2609)-Volokitin,A (2681) SLO-chT 17th 2007 (4)}) ({RR} 9. Nxd5 Bxd5 10. e4 Be6 11. Bd3 Nc6 12. O-O Be7 13. Bf4 h6 14. h3 O-O 15. Rad1 d6 16. Bb5 Qc7 17. Bg3 Rad8 18. Rd2 Ne5 19. Nd4 Bc8 20. f4 Ng6 21. Nc6 Bd7 22. Nxe7+ Nxe7 23. Bc4 Be6 {0-1 Aliyev,R (2371)-Durarbayli,V (2628) Titled Tue 30th Jul Early 2024 (4)}) 9... Nxc3 10. Qxc3 d5 11. Bg5 $146 ({RR} 11. Bg2 Nd7 12. O-O Nf6 13. Rd1 Be7 14. Qc2 O-O 15. Nh4 Rb8 16. Nf5 Re8 17. Qa4 a6 18. Qh4 Ne4 19. Qg4 Bf6 20. Bf4 Ra8 21. f3 Ng5 22. e4 Ne6 23. e5 Nxf4 24. gxf4 Bc8 25. exf6 Qxf6 {1-0 Calsing,A (1717)-Fonseca,L (1966) Porto Alegre Metropole op 2nd 2019 (5)}) 11... d4 12. Qc2 Be7 13. Bxe7 Qxe7 14. Bg2 Be4 15. Qa4+ Bc6 16. Qc2 O-O 17. O-O Be4 18. Qc4 Nc6 19. b4 cxb4 20. axb4 Nxb4 21. Ra4 a5 22. Qxd4 b5 23. Rxb4 Qxb4 24. Qxb4 axb4 25. Nd4 Bxg2 26. Kxg2 Rfc8 27. Rb1 Rc4 28. e3 Ra2 29. h3 h5 30. g4 h4 31. Kf3 g6 32. g5 Kf8 33. Nxb5 Ra5 34. Nd6 Rc6 35. Ne4 Rb6 36. Ke2 b3 37. Kd3 b2 38. Kc3 Ra1 39. Nd2 Rxb1 40. Nxb1 f6 41. Kc2 fxg5 42. f3 Rf6 43. Nd2 g4 44. Ne4 Rxf3 45. hxg4 h3 0-1

[Event "Olympiad Women 2024"]
[Site "Budapest HUN"]
[Date "2024.09.11"]
[Round "1.14"]
[Board "2"]
[White "Milliet, Sophie"]
[Black "Shibata, Misaki"]
[Result "1-0"]
[WhiteElo "2348"]
[BlackElo "1847"]
[PlyCount "79"]
[EventDate "2024.09.11"]
[WhiteTeam "France"]
[BlackTeam "Japan"]
[WhiteTeamCountry "FRA"]
[BlackTeamCountry "JPN"]

1. d4 e6 2. c4 Nf6 3. Nf3 d5 4. g3 Bd6 5. Bg2 O-O 6. O-O h6 7. Nc3 Nc6 8. b3 dxc4 9. bxc4 e5 10. Rb1 Re8 11. dxe5 $146 ({RR} 11. c5 exd4 12. Nxd4 Nxd4 13. Qxd4 Be5 14. Qxd8 Rxd8 15. Bb2 Bf5 16. Rbd1 c6 17. Nd5 Rxd5 18. Rxd5 Nxd5 19. Bxe5 Re8 20. f4 Ne3 21. Re1 f6 22. Bd6 Nxg2 23. Kxg2 Re3 24. Kf2 Ra3 25. e4 Rxa2+ {0-1 Kusa,J (2351)-Kriebel,T (2519) TCh-CZE Extraliga 2023-24 (10.7)}) 11... Nxe5 12. Nxe5 Bxe5 13. Qxd8 Rxd8 14. Nd5 Re8 15. Ba3 Nxd5 16. cxd5 Bd6 17. Bxd6 cxd6 18. e4 b6 19. Rfc1 f5 20. f3 fxe4 21. fxe4 Ba6 22. Rc6 Bd3 23. Re1 Rad8 24. Rc7 a5 25. Rc3 Ba6 26. Rb1 Rb8 27. a4 Re7 28. Rbc1 Kf8 29. Rb3 Reb7 30. Rc6 Ke7 31. Re3 Rd7 32. e5 dxe5 33. Rxe5+ Kd8 34. Ree6 Bd3 35. Rxb6 Rxb6 36. Rxb6 Bc2 37. d6 Ra7 38. Bc6 Kc8 39. Rb2 Bf5 40. Rf2 1-0

[Event "Olympiad Women 2024"]
[Site "Budapest HUN"]
[Date "2024.09.11"]
[Round "1.14"]
[Board "3"]
[White "Kinoshita, Kanako"]
[Black "Guichard, Pauline"]
[Result "0-1"]
[WhiteElo "1822"]
[BlackElo "2374"]
[PlyCount "72"]
[EventDate "2024.09.11"]
[WhiteTeam "Japan"]
[BlackTeam "France"]
[WhiteTeamCountry "JPN"]
[BlackTeamCountry "FRA"]

1. c4 c5 2. Nc3 Nf6 3. g3 d5 4. cxd5 Nxd5 5. Bg2 Nc7 6. Nf3 Nc6 7. O-O e5 8. b3 Be7 9. Bb2 O-O 10. Rc1 f6 11. d3 Be6 12. Nd2 ({RR} 12. e3 Qe8 13. Ne4 Na6 14. Ba3 Ncb4 15. Bxb4 cxb4 16. d4 Bd5 17. Nfd2 exd4 18. Nxf6+ Bxf6 19. Bxd5+ Kh8 20. exd4 Qd7 21. Bg2 Rad8 22. Nf3 Nc7 23. Rc4 a5 24. Qc2 Ne6 25. h4 b5 26. Rc6 {½-½ Ionescu,C (2525)-Marin,M (2545) Bucharest 1996}) 12... Qd7 13. Qc2 ({RR} 13. Na4 Na6 14. Ba3 Ncb4 15. Bxb4 cxb4 16. Nf3 Rac8 17. Qd2 b5 18. Nb2 Nc7 19. Ne1 Nd5 20. Bxd5 Bxd5 21. Nc2 a5 22. d4 Bb7 23. d5 Qxd5 24. Qxd5+ Bxd5 25. Ne3 Be6 26. Rxc8 Rxc8 27. Rd1 Kf7 {0-1 Kisic,J (2096)-Elgersma,O (2348) 17th Paracin Open A 2024 (2.43)}) 13... Rad8 14. Rfd1 $146 ({RR} 14. Qb1 b6 15. Rfd1 f5 16. Bxc6 Qxc6 17. Na4 b5 18. Nxc5 Bxc5 19. d4 exd4 20. b4 Na6 21. bxc5 d3 22. exd3 f4 23. Qc2 Bd5 24. Re1 Rd7 25. a3 Qh6 26. Ne4 Qh3 27. Qe2 Nc7 28. Qf1 Qh5 {½-½ Flohr,S-Kopylov,N URS-ch17 Final 1949 (11)}) 14... Nd4 15. Qb1 Ncb5 16. Re1 Bg4 17. f3 Bf5 18. e4 Be6 19. Nd1 Nc6 20. Nf2 Nbd4 21. Kh1 b5 22. Ba3 Nb4 23. Bb2 a5 24. Bxd4 Qxd4 25. Re2 Nxd3 26. Rf1 Nxf2+ 27. Rexf2 c4 28. bxc4 bxc4 29. Qc2 Rb8 30. Nb1 c3 31. Qc1 Bc4 32. Rc2 Bd3 33. Rd1 Bxc2 34. Qxc2 Rb2 35. Qc1 c2 36. Rxd4 Rxb1 0-1

[Event "Olympiad Women 2024"]
[Site "Budapest HUN"]
[Date "2024.09.11"]
[Round "1.14"]
[Board "4"]
[White "Benmesbah, Natacha"]
[Black "Mitsuyama, Rikka"]
[Result "1-0"]
[WhiteElo "2258"]
[BlackElo "1738"]
[PlyCount "77"]
[EventDate "2024.09.11"]
[WhiteTeam "France"]
[BlackTeam "Japan"]
[WhiteTeamCountry "FRA"]
[BlackTeamCountry "JPN"]

1. e4 e5 2. Nf3 Nc6 3. Bc4 Bc5 4. c3 Nf6 5. d3 O-O 6. Nbd2 d5 7. exd5 Nxd5 8. Ne4 Be7 9. O-O Nb6 10. Bb5 ({RR} 10. Bb3 Bf5 11. a4 a5 12. Be3 Kh8 13. Re1 Bg6 14. Ng3 Nd7 15. d4 f5 16. d5 Ncb8 17. Bc1 f4 18. Ne4 Na6 19. Bc2 Re8 20. b3 Bf6 21. Ba3 Nb6 22. d6 c6 23. Qe2 Nd7 24. Rad1 Bh5 {½-½ Carlsen,M (2847)-Nakamura,H (2736) FTX Crypto Cup Prelim rapid 2021 (11)}) 10... f6 11. a4 Qd5 $146 ({RR} 11... a5 12. d4 Qd5 13. Re1 Rd8 14. Ned2 Bf5 15. Nh4 Be6 16. f4 exd4 17. c4 Qd7 18. Qe2 Bf7 19. f5 d3 20. Qf2 Bb4 21. Re4 Qd6 {0-1 Jukes,S (1911)-Han,Y (2414) 19th South Wales Int 2024 (1.4)}) 12. Be3 a6 13. Bxb6 axb5 14. Bxc7 bxa4 15. Rxa4 Be6 16. Rxa8 Rxa8 17. c4 Qd7 18. Bb6 Nb4 19. Bc5 Rd8 20. Bxb4 Bxb4 21. Qb3 Bf8 22. Nc3 Qxd3 23. Qxb7 Bxc4 24. Rc1 Bc5 25. h3 Ba6 26. Qb3+ Bc4 27. Qa4 Qd7 28. Qxc4+ Kh8 29. Qxc5 Rc8 30. Qe3 Qb7 31. Ne4 Rd8 32. Nc5 Qxb2 33. Ne6 Re8 34. Rc7 Qb1+ 35. Qc1 Qb6 36. Nxg7 Rg8 37. Nf5 Qe6 38. Rxh7+ Kxh7 39. Qh6# 1-0

[Event "Olympiad Women 2024"]
[Site "Budapest HUN"]
[Date "2024.09.11"]
[Round "1.15"]
[Board "1"]
[White "Park, Sunwoo"]
[Black "Houska, Jovanka"]
[Result "0-1"]
[WhiteElo "1877"]
[BlackElo "2333"]
[PlyCount "80"]
[EventDate "2024.09.11"]
[WhiteTeam "South Korea"]
[BlackTeam "England"]
[BlackTeamCountry "ENG"]

1. e4 c6 2. d4 d5 3. e5 Bf5 4. Nf3 e6 5. Be2 Ne7 6. O-O Ng6 7. Be3 Nd7 8. a4 f6 9. exf6 Qxf6 10. c4 Bd6 11. cxd5 $146 ({RR} 11. Qb3 Rb8 12. Nc3 O-O 13. a5 a6 14. Na4 h6 15. Rfe1 Kh8 16. Rad1 Rf7 17. Nb6 Nxb6 18. axb6 Rbf8 19. Qc3 Be4 20. b4 Nh4 21. Nxh4 Bxh2+ 22. Kxh2 Qxh4+ 23. Kg1 Bxg2 24. Bf1 Qh1# {0-1 Matinian,N (2475)-Ter Sahakyan,S (2640) PNWCC Online blitz JP 19th 2020 (1)}) 11... exd5 12. Bg5 Qf7 13. Nh4 Nxh4 14. Bxh4 O-O 15. Nd2 Nf6 16. Qb3 Rae8 17. Bd3 Bc8 18. Bxf6 Qxf6 19. Ne4 Rxe4 20. Bxe4 Qf4 21. Bxd5+ cxd5 22. Qxd5+ Kh8 23. g3 Qf6 24. f4 Rd8 25. Rac1 Be6 26. Qe4 Qf7 27. f5 Bd5 28. Qd3 Be7 29. Rc7 Qf8 30. a5 Bf6 31. Rc5 Bc6 32. Rxc6 bxc6 33. Qf3 Bxd4+ 34. Kg2 Rd5 35. Re1 h6 36. g4 Bxb2 37. Re2 Bf6 38. a6 Qd8 39. Qf2 c5 40. h4 Bxh4 0-1

[Event "Olympiad Women 2024"]
[Site "Budapest HUN"]
[Date "2024.09.11"]
[Round "1.15"]
[Board "2"]
[White "Hunt, Harriet V"]
[Black "Khan, Anastasia"]
[Result "1-0"]
[WhiteElo "2304"]
[BlackElo "1859"]
[PlyCount "59"]
[EventDate "2024.09.11"]
[WhiteTeam "England"]
[BlackTeam "South Korea"]
[WhiteTeamCountry "ENG"]

1. e4 c5 2. Nf3 Nc6 3. Bb5 g6 4. O-O Bg7 5. Re1 e5 6. Bxc6 bxc6 7. d3 d6 8. Be3 ({RR} 8. Nbd2 Nf6 9. Nc4 Be6 10. Bd2 O-O 11. b4 {½-½ Tzermiadianos,A (2447)-Varga,Z (2473) Budapest FS08 GM 2009 (13)}) ({RR} 8. a4 Ne7 9. Nbd2 O-O 10. c3 Rb8 11. Qc2 f5 12. Nc4 f4 13. b4 cxb4 14. cxb4 Bg4 15. h3 Bxf3 16. gxf3 d5 17. Nd2 Qd7 18. Qc5 Rbe8 19. Kh2 Nf5 20. exf5 Rxf5 21. Rh1 e4 22. d4 e3 {0-1 Berrozpe Gonzalez,M (1786)-Riu Lopez,S (1965) XXIV Foment Martinenc Op 2024 (3.12)}) 8... Nf6 9. h3 Nd7 $146 ({RR} 9... O-O 10. Qd2 Nh5 11. g4 Nf4 12. Bxf4 exf4 13. c3 g5 14. Kh2 Qf6 15. Ng1 Qg6 16. f3 h5 17. Na3 d5 18. Qf2 Rb8 19. Rad1 Qd6 20. Rd2 Rd8 21. Nb1 d4 22. c4 Be5 23. Kg2 Kg7 24. Ne2 {0-1 Lee,M (2169)-Schill,W (2182) Washington State-ch 2020 (3)}) ({RR} 9... h6 10. Nc3 O-O 11. a3 Be6 12. b4 cxb4 13. axb4 a5 14. b5 cxb5 15. Nxb5 Qd7 16. c4 Nh5 17. Qd2 f5 18. Bxh6 fxe4 19. Bxg7 exf3 20. Bxf8 Rxf8 21. Qg5 Nf4 22. Re4 Kg7 23. Rxf4 Rxf4 24. Rxa5 {1-0 Valls Marti,A (2140)-Alcala Valiente,J (1987) Barcelona Sant Marti op-A 19th 2017 (5)}) 10. Qd2 h6 11. Nc3 Nf8 12. Ne2 Ne6 13. c3 f5 14. exf5 gxf5 15. d4 cxd4 16. cxd4 e4 17. Nh2 d5 18. Nf4 Nxf4 19. Bxf4 Kf7 20. Nf1 Qb6 21. Red1 Ba6 22. Ng3 Kg6 23. Bd6 Qd8 24. Bf4 Bd3 25. Ne2 Qh4 26. Bg3 Qf6 27. Be5 Qg5 28. Nf4+ Kf7 29. Bxg7 Kxg7 30. Ne6+ 1-0

[Event "Olympiad Women 2024"]
[Site "Budapest HUN"]
[Date "2024.09.11"]
[Round "1.15"]
[Board "3"]
[White "Kang, Sohyun"]
[Black "Toma, Katarzyna"]
[Result "0-1"]
[WhiteElo "1726"]
[BlackElo "2184"]
[PlyCount "68"]
[EventDate "2024.09.11"]
[WhiteTeam "South Korea"]
[BlackTeam "England"]
[BlackTeamCountry "ENG"]

1. e4 c5 2. Nc3 Nc6 3. Bb5 Nd4 4. Nge2 Nxb5 5. Nxb5 d6 6. O-O Nf6 7. d3 g6 8. f4 $146 ({RR} 8. Na3 Bg7 9. c3 O-O 10. Bg5 Rb8 11. Qd2 Re8 12. Bh6 Bh8 13. h3 b5 14. Nc2 a5 15. Ne3 c4 16. Ng3 cxd3 17. Qxd3 b4 18. c4 Nd7 19. Rab1 Nc5 20. Qd2 Bb7 21. f3 Qb6 22. Kh1 Ne6 {0-1 Monteiro,J (1914)-Pintor,S (2062) POR-chT Districts 2015 (4.1)}) 8... Bg7 9. Ng3 O-O 10. f5 Bd7 11. Nc3 b5 12. Bd2 Bc6 13. Qe2 b4 14. Nd1 Nd7 15. c3 Rb8 16. Nf2 Ne5 17. Ng4 bxc3 18. Bxc3 Bb5 19. Nxe5 Bxe5 20. Rf3 Qb6 21. Qe3 Kg7 22. Kh1 f6 23. Ne2 Be8 24. h4 Bf7 25. Nf4 Bxc3 26. bxc3 Qb2 27. Rc1 Qxa2 28. fxg6 hxg6 29. Rg3 Rh8 30. Rg4 Rb1 31. Rxb1 Qxb1+ 32. Kh2 a5 33. Qg3 Rh6 34. h5 Kf8 0-1

[Event "Olympiad Women 2024"]
[Site "Budapest HUN"]
[Date "2024.09.11"]
[Round "1.15"]
[Board "4"]
[White "Sivanandan, Bodhana"]
[Black "Cho, Yeonhee"]
[Result "1-0"]
[WhiteElo "2196"]
[BlackElo "1696"]
[PlyCount "83"]
[EventDate "2024.09.11"]
[WhiteTeam "England"]
[BlackTeam "South Korea"]
[WhiteTeamCountry "ENG"]

1. e4 e5 2. Nf3 Nc6 3. Nc3 Nf6 4. d4 exd4 5. Nxd4 Bb4 6. Nxc6 bxc6 7. Bd3 d6 8. h3 O-O 9. O-O Re8 10. Qf3 Bxc3 11. bxc3 h6 12. Re1 Bd7 13. Bf4 $146 ({RR} 13. Bb2 Rb8 14. Rab1 d5 15. c4 dxe4 16. Bxe4 Nxe4 17. Rxe4 Rxe4 18. Qxe4 Qe8 19. Qd4 f6 20. Qc3 Qe7 21. Re1 Qb4 22. Qxb4 Rxb4 23. Re7 Rxb2 24. Rxd7 Rxc2 25. Rxc7 Rxc4 26. Rxa7 Rc1+ 27. Kh2 c5 {½-½ Barrionuevo,M-Sanchez,M (1804) Villa Ballester de Invierno op 4th 2004 (7)}) 13... Be6 14. c4 d5 15. exd5 cxd5 16. cxd5 Bxd5 17. Qg3 Nh5 18. Bxc7 Qd7 19. Qd6 Qxd6 20. Bxd6 Rxe1+ 21. Rxe1 Bxa2 22. Ra1 Bd5 23. Ra5 Nf6 24. Bc5 Bc6 25. f3 Nd7 26. Bxa7 f6 27. Kf2 Ne5 28. Be2 Be8 29. Bb6 Rc8 30. Rc5 Rxc5 31. Bxc5 Bg6 32. Bd1 Nc4 33. Bd4 Na3 34. c3 Nb5 35. Ke3 Nxd4 36. Kxd4 Kf8 37. Kc5 Ke8 38. Kd6 Bd3 39. f4 Kd8 40. Bf3 f5 41. Bd5 Be4 42. c4 1-0